[Event "Lliga Catalana DH"]
[Site "?"]
[Date "2015.01.31"]
[Round "2.5"]
[White "Delisau Gil, O."]
[Black "Simon Padros, E."]
[Result "1/2-1/2"]
[WhiteElo "2316"]
[BlackElo "2327"]
[PlyCount "72"]
[EventDate "2015.??.??"]
[EventType "team"]

1. Nf3 e6 2. c4 f5 3. g3 Nf6 4. Bg2 d5 5. O-O Bd6 6. d3 O-O 7. Nc3 c6 8. e4
fxe4 9. dxe4 dxe4 10. Ng5 e5 11. Qb3 Qb6 12. Ngxe4 Nxe4 13. Nxe4 Qxb3 14. axb3
Be7 15. Be3 Na6 16. h3 Bf5 17. Rfd1 Bxe4 18. Bxe4 Nc5 19. Bc2 a5 20. Bd2 Ne6
21. Rxa5 Rxa5 22. Bxa5 Nd4 23. Be4 Nxb3 24. Bb6 Bc5 25. Bxc5 Nxc5 26. Bc2 g6
27. Rd6 Ra8 28. b4 Na6 29. b5 cxb5 30. cxb5 Nc5 31. Bd3 Kf7 32. Bc4+ Ke7 33.
Rb6 Rd8 34. Kg2 Rd6 35. Rxd6 Kxd6 36. Kf3 Ke7 1/2-1/2

[Event "Lliga Catalana DH"]
[Site "?"]
[Date "2015.01.31"]
[Round "2.6"]
[White "Duran Albareda, X."]
[Black "Travesset Ribera, J."]
[Result "1-0"]
[WhiteElo "2329"]
[BlackElo "2320"]
[PlyCount "48"]
[EventDate "2015.??.??"]
[EventType "team"]

1. e4 d5 2. exd5 Qxd5 3. Nc3 Qd8 4. Bc4 Nf6 5. Nf3 Bf5 6. d4 e6 7. Qe2 c6 8.
Bf4 Bb4 9. O-O O-O 10. Nd1 Bg4 11. Ne3 Bxf3 12. Qxf3 Nd5 13. Bg3 Qf6 14. Qe2
Nf4 15. Qg4 Ng6 16. c3 Be7 17. f4 Nd7 18. f5 Qg5 19. Qe2 Nh8 20. fxe6 Nb6 21.
Nf5 Ng6 22. h4 Qf6 23. exf7+ Kh8 24. h5 Nxc4 1-0

[Event "Lliga Catalana DH"]
[Site "?"]
[Date "2015.01.31"]
[Round "2.7"]
[White "Castelltort Fernandez, A."]
[Black "Armengol Comas, J."]
[Result "1-0"]
[WhiteElo "2365"]
[BlackElo "2320"]
[PlyCount "123"]
[EventDate "2015.??.??"]
[EventType "team"]

1. b3 e5 2. Bb2 Nc6 3. e3 Nf6 4. Bb5 Bd6 5. Na3 a6 6. Bxc6 dxc6 7. Nc4 Qe7 8.
Ne2 b5 9. Nxd6+ cxd6 10. O-O O-O 11. f4 e4 12. f5 d5 13. Qe1 Qd6 14. Qh4 Rd8
15. Rf4 a5 16. Ng3 c5 17. Raf1 Ra6 18. Nh5 Nxh5 19. Qxh5 Qh6 20. Qe2 b4 21. Rg4
f6 22. Qb5 Qh5 23. h3 Rad6 24. Qxa5 Qf7 25. Qxc5 Ba6 26. Rf2 Qb7 27. Qd4 Qb6
28. Qxb6 Rxb6 29. Bd4 Rc6 30. c3 Kf7 31. Rgf4 Bd3 32. Rf1 Bxf1 33. Rxf1 Ra8 34.
cxb4 Rxa2 35. b5 Rc8 36. Rd1 Ke7 37. Kf2 Rcc2 38. Ke2 Kd6 39. g4 Ra8 40. b6 Kc6
41. g5 fxg5 42. Bxg7 Kxb6 43. Bd4+ Kb5 44. f6 Rc7 45. Rf1 Rf7 46. Rf5 Kc6 47.
Rxg5 Kd6 48. b4 Rb8 49. Bc5+ Ke6 50. Be7 Rb7 51. Kd1 Rc7 52. Rh5 Rc8 53. Rg5
Rc6 54. h4 Rc8 55. h5 h6 56. Rg6 Rh7 57. Bc5 Rb8 58. Kc2 Rf7 59. Be7 Rh7 60.
Kb3 Rb6 61. f7+ Kxe7 62. Rxb6 1-0

[Event "Lliga Catalana DH"]
[Site "?"]
[Date "2015.01.31"]
[Round "2.8"]
[White "Sadrija, E."]
[Black "Subirats Ruiz, S."]
[Result "1/2-1/2"]
[WhiteElo "2278"]
[BlackElo "2283"]
[PlyCount "174"]
[EventDate "2015.??.??"]
[EventType "team"]

1. e4 e6 2. d4 d5 3. Bd3 Nf6 4. e5 Nfd7 5. Ne2 c5 6. c3 Nc6 7. Nd2 Qb6 8. Nf3
cxd4 9. cxd4 f6 10. exf6 Nxf6 11. O-O Bd6 12. a3 O-O 13. b4 e5 14. dxe5 Nxe5
15. Nfd4 Nfg4 16. h3 Nxd3 17. Qxd3 Bh2+ 18. Kh1 Rxf2 19. Be3 Ne5 20. Qb3 Rxf1+
21. Rxf1 Qd6 22. Nb5 Qd7 23. Bc5 Nf7 24. Kxh2 Qxb5 25. Rxf7 Kxf7 26. Qf3+ Bf5
27. Qxf5+ Kg8 28. Qxd5+ Kh8 29. Nf4 Qc6 30. Qxc6 bxc6 31. Ne6 a6 32. Bd4 Kg8
33. Nxg7 Kf7 34. Nf5 a5 35. Ne3 Ke6 36. Kg3 Rd8 37. Bc5 a4 38. Kf4 Rd3 39. b5
cxb5 40. Ke4 Rd2 41. Bb4 Rb2 42. h4 Kd7 43. g4 Ke6 44. Nf5 Re2+ 45. Ne3 Rf2 46.
Nd5 Re2+ 47. Kf3 Rh2 48. Kg3 Rc2 49. Nc3 Rd2 50. Nxb5 Rd1 51. Kf4 Rd7 52. Ke4
h5 53. Nd4+ Kf6 54. g5+ Kg6 55. Ne2 Rd1 56. Nf4+ Kf7 57. g6+ Kg8 58. Kf5 Rd4
59. Kg5 Rxb4 60. axb4 a3 61. Nxh5 a2 62. Nf6+ Kg7 63. h5 a1=Q 64. h6+ Kf8 65.
g7+ Ke7 66. g8=Q Qxf6+ 67. Kh5 Qf3+ 68. Qg4 Qf7+ 69. Kh4 Qf2+ 70. Kh3 Qf1+ 71.
Kg3 Qe1+ 72. Kg2 Qd2+ 73. Kf1 Qxh6 74. Qe2+ Qe6 75. Qd2 Qe4 76. Kf2 Qh4+ 77.
Kf3 Qh3+ 78. Ke4 Qg4+ 79. Kd3 Qd7+ 80. Kc3 Qxd2+ 81. Kxd2 Kd6 82. Kd3 Kc7 83.
Kd4 Kb6 84. Kc4 Kc6 85. Kb3 Kb5 86. Kc3 Kb6 87. Kc4 Kc6 1/2-1/2

[Event "Lliga Catalana DH"]
[Site "?"]
[Date "2015.01.31"]
[Round "2.9"]
[White "Pueyo Burrell, D."]
[Black "Garcia Rubio, JA."]
[Result "1/2-1/2"]
[WhiteElo "2285"]
[BlackElo "2215"]
[PlyCount "74"]
[EventDate "2015.??.??"]
[EventType "team"]

1. e4 e6 2. d4 d5 3. Nc3 Nf6 4. e5 Nfd7 5. f4 c5 6. Nf3 Nc6 7. Be3 cxd4 8. Nxd4
Bc5 9. Qd2 Nxd4 10. Bxd4 a6 11. O-O-O Bxd4 12. Qxd4 Qb6 13. Qxb6 Nxb6 14. a4
Bd7 15. b3 Bc6 16. Kb2 Ke7 17. Be2 g6 18. Bf3 h5 19. Rd4 Rac8 20. g3 Rc7 21. a5
Nd7 22. Na2 Nc5 23. Nb4 Rhc8 24. c4 dxc4 25. Nxc6+ bxc6 26. Rxc4 Nb7 27. Rhc1
Nxa5 28. Ra4 Nb7 29. Rxa6 Nd8 30. Rc5 Kd7 31. Kc3 Rb8 32. Rca5 Nb7 33. Ra1 Nc5
34. Rd1+ Ke7 35. Ra3 Nd7 36. Rd4 Nb6 37. b4 Nd5+ 1/2-1/2

[Event "Lliga Catalana DH"]
[Site "?"]
[Date "2015.01.31"]
[Round "2.10"]
[White "Del Amo Carbo, J."]
[Black "Bautista Sanchez, J."]
[Result "1/2-1/2"]
[WhiteElo "2207"]
[BlackElo "2306"]
[PlyCount "86"]
[EventDate "2015.??.??"]
[EventType "team"]

1. d4 d5 2. c4 e6 3. Nc3 Nf6 4. Nf3 Be7 5. e3 O-O 6. Bd3 b6 7. O-O Bb7 8. Qe2
Nbd7 9. b3 c5 10. Bb2 cxd4 11. exd4 Rc8 12. Rfe1 Re8 13. Ne5 Bf8 14. Rad1 dxc4
15. bxc4 a6 16. Kh1 Qc7 17. a3 Nxe5 18. dxe5 Nd7 19. Bxh7+ Kxh7 20. Qd3+ Kg8
21. Qxd7 Ba8 22. Qxc7 Rxc7 23. Ne4 Bxe4 24. Rxe4 Rec8 25. g3 Rxc4 26. Rxc4 Rxc4
27. Rd8 Rc2 28. Bd4 Rd2 29. Kg2 f6 30. exf6 gxf6 31. Bxb6 Rxd8 32. Bxd8 Bxa3
33. Bxf6 a5 34. Kf3 a4 35. Ke4 Kf7 36. Bd4 Kg6 37. Kd3 Kf5 38. f3 Bd6 39. Kc4
e5 40. Bc3 e4 41. fxe4+ Kxe4 42. Bb4 Be5 43. Kb5 Kf3 1/2-1/2

[Event "Lliga Catalana DH"]
[Site "?"]
[Date "2015.01.31"]
[Round "2.1"]
[White "Lopez Martinez, JM."]
[Black "Guerra Mendez, JA."]
[Result "1/2-1/2"]
[WhiteElo "2571"]
[BlackElo "2449"]
[PlyCount "38"]
[EventDate "2015.??.??"]
[EventType "team"]

1. e4 c5 2. Nf3 d6 3. d4 cxd4 4. Nxd4 Nf6 5. Nc3 a6 6. Be3 e5 7. Nb3 Be6 8. Qd2
Be7 9. f3 Nbd7 10. a4 Nb6 11. g4 Qd7 12. g5 Nh5 13. O-O-O O-O 14. Be2 Rac8 15.
Kb1 Qc7 16. Rc1 Nc4 17. Bxc4 Bxc4 18. Qf2 g6 19. h4 Rfe8 1/2-1/2

[Event "Lliga Catalana DH"]
[Site "?"]
[Date "2015.01.31"]
[Round "2.2"]
[White "Oratovsky, M."]
[Black "Alonso Rosell, A."]
[Result "1/2-1/2"]
[WhiteElo "2530"]
[BlackElo "2578"]
[PlyCount "26"]
[EventDate "2015.??.??"]
[EventType "team"]

1. e4 e5 2. Bc4 Nf6 3. d3 c6 4. Nf3 d5 5. Bb3 a5 6. a3 a4 7. Ba2 Bd6 8. Nc3 d4
9. Ne2 O-O 10. O-O c5 11. h3 Nc6 12. Ng3 Be6 13. Nf5 Na7 1/2-1/2

[Event "Lliga Catalana DH"]
[Site "?"]
[Date "2015.01.31"]
[Round "2.3"]
[White "Perpinya Rofes, LM."]
[Black "Martinez Alcantara, JE."]
[Result "1/2-1/2"]
[WhiteElo "2443"]
[BlackElo "2406"]
[PlyCount "43"]
[EventDate "2015.??.??"]
[EventType "team"]

1. e4 c5 2. Nc3 Nc6 3. Nge2 e5 4. Nd5 g6 5. Nec3 a6 6. a4 Bg7 7. Bc4 Nge7 8. d3
Nxd5 9. Nxd5 d6 10. h4 h6 11. c3 Be6 12. Qf3 O-O 13. Qg3 Ne7 14. Nxe7+ Qxe7 15.
O-O Kh7 16. Be3 Rab8 17. f4 exf4 18. Bxf4 h5 19. a5 b5 20. axb6 Rxb6 21. Bxe6
Qxe6 22. c4 1/2-1/2

[Event "Lliga Catalana DH"]
[Site "?"]
[Date "2015.01.31"]
[Round "2.4"]
[White "Escandell Mari, JC."]
[Black "Rojas Keim, LA."]
[Result "0-1"]
[WhiteElo "2386"]
[BlackElo "2468"]
[PlyCount "72"]
[EventDate "2015.??.??"]
[EventType "team"]

1. e4 c5 2. Nf3 Nc6 3. d4 cxd4 4. Nxd4 e5 5. Nb5 d6 6. c4 Be7 7. Be2 f5 8. exf5
Bxf5 9. N1c3 a6 10. Na3 Nf6 11. O-O O-O 12. Nc2 Rc8 13. Ne3 Be6 14. Bf3 Qd7 15.
Ned5 Bd8 16. Be3 Ne7 17. Nxe7+ Qxe7 18. Bd5 Ba5 19. Qb3 Bxc3 20. bxc3 Bxd5 21.
cxd5 b5 22. a4 Qb7 23. Rfd1 Ne4 24. Rac1 Rc4 25. axb5 Qxb5 26. Qxb5 axb5 27.
Rd3 Rfc8 28. f3 Nxc3 29. Ra1 b4 30. Ra6 Rb8 31. Rd2 b3 32. Rc6 Rxc6 33. dxc6 b2
34. Rxb2 Rxb2 35. c7 Ne2+ 36. Kf1 Rc2 0-1

[Event "Lliga Catalana DH"]
[Site "?"]
[Date "2015.01.31"]
[Round "2.5"]
[White "Lorenzo de la Riva, L."]
[Black "Randazzo, A."]
[Result "1/2-1/2"]
[WhiteElo "2428"]
[BlackElo "2351"]
[PlyCount "26"]
[EventDate "2015.??.??"]
[EventType "team"]

1. Nf3 c5 2. c4 Nf6 3. Na3 Nc6 4. d4 Nxd4 5. Nxd4 cxd4 6. Qxd4 g6 7. b3 d6 8.
Bb2 Bg7 9. O-O-O O-O 10. Qd3 a6 11. e3 Rb8 12. Be2 a5 13. e4 Be6 1/2-1/2

[Event "Lliga Catalana DH"]
[Site "?"]
[Date "2015.01.31"]
[Round "2.6"]
[White "Bru Rullo, L."]
[Black "Colon Garcia, E."]
[Result "0-1"]
[WhiteElo "2261"]
[BlackElo "2398"]
[PlyCount "64"]
[EventDate "2015.??.??"]
[EventType "team"]

1. e4 c5 2. Nf3 d6 3. Bb5+ Nc6 4. O-O Bd7 5. Re1 Nf6 6. c3 a6 7. Bf1 Bg4 8. h3
Bh5 9. g4 Bg6 10. d4 cxd4 11. cxd4 d5 12. exd5 Nxd5 13. Nc3 e6 14. Qb3 Nxc3 15.
bxc3 Na5 16. Qa4+ b5 17. Qd1 Be7 18. Bd2 O-O 19. a4 Nc4 20. axb5 axb5 21. Bxc4
bxc4 22. Ne5 Rxa1 23. Qxa1 Bd6 24. Qa4 Bxe5 25. Rxe5 Bd3 26. Qa5 Qf6 27. Kg2
Qg6 28. Qc7 Be4+ 29. Kg1 Bd5 30. Re1 Qd3 31. Be3 Qxc3 32. Rc1 Qd3 0-1

[Event "Lliga Catalana DH"]
[Site "?"]
[Date "2015.01.31"]
[Round "2.7"]
[White "Diaz Camallonga, C."]
[Black "Castellet Giralt, G."]
[Result "1/2-1/2"]
[WhiteElo "2411"]
[BlackElo "2286"]
[PlyCount "75"]
[EventDate "2015.??.??"]
[EventType "team"]

1. e4 c5 2. Nf3 g6 3. d4 cxd4 4. Nxd4 Nf6 5. Bd3 Bg7 6. c4 O-O 7. O-O d5 8.
exd5 Nxd5 9. cxd5 Bxd4 10. Bxg6 Qxd5 11. Nc3 Bxf2+ 12. Kxf2 fxg6+ 13. Kg1 Qxd1
14. Rxd1 Nc6 15. Bh6 Rf5 16. Nd5 Rh5 17. Bf4 Bg4 18. Rd2 Rf8 19. Bg3 Kg7 20.
Ne3 Be6 21. b3 Ra5 22. Rc1 g5 23. Re1 h6 24. h3 Rb5 25. Nc2 Rd5 26. Rxd5 Bxd5
27. Nd4 Nxd4 28. Be5+ Kg6 29. Bxd4 e6 30. Rf1 Rxf1+ 31. Kxf1 a6 32. g4 h5 33.
Kf2 h4 34. Be3 b5 35. Bd4 a5 36. Bb6 a4 37. bxa4 bxa4 38. a3 1/2-1/2

[Event "Lliga Catalana DH"]
[Site "?"]
[Date "2015.01.31"]
[Round "2.8"]
[White "Garcia Acosta, R."]
[Black "Hernando Rodrigo, JM."]
[Result "1/2-1/2"]
[WhiteElo "2216"]
[BlackElo "2371"]
[PlyCount "63"]
[EventDate "2015.??.??"]
[EventType "team"]

1. e4 g6 2. d4 Bg7 3. Nc3 d6 4. Be3 a6 5. Nf3 b5 6. Bd3 Bb7 7. Qd2 Nd7 8. a4 b4
9. Ne2 c5 10. c3 Ngf6 11. Ng3 bxc3 12. bxc3 O-O 13. O-O cxd4 14. cxd4 d5 15. e5
Ne4 16. Qc2 Nxg3 17. hxg3 a5 18. Qe2 Nb6 19. Bb5 Nc4 20. Nd2 Nxd2 21. Bxd2 Qb6
22. Qd3 f6 23. Be3 fxe5 24. dxe5 Qe6 25. f4 Qg4 26. Bd4 Rac8 27. Qf3 Qf5 28.
Rac1 Rxc1 29. Rxc1 Rc8 30. Rxc8+ Qxc8 31. Qc3 Qg4 32. Qf3 1/2-1/2

[Event "Lliga Catalana DH"]
[Site "?"]
[Date "2015.01.31"]
[Round "2.9"]
[White "Garcia-Castany Musellas, G."]
[Black "Valencia Jimenez, J."]
[Result "1-0"]
[WhiteElo "2264"]
[BlackElo "2185"]
[PlyCount "28"]
[EventDate "2015.??.??"]
[EventType "team"]

1. e4 g6 2. d4 Bg7 3. Nc3 c6 4. Be3 d5 5. Nf3 dxe4 6. Nxe4 Bg4 7. Bc4 Bxf3 8.
Qxf3 Nf6 9. Nxf6+ Bxf6 10. O-O-O e6 11. a4 Nd7 12. Qe4 Qe7 13. Kb1 O-O-O 14. h4
Nb6 {(...irrep.)} 1-0

[Event "Lliga Catalana DH"]
[Site "?"]
[Date "2015.01.31"]
[Round "2.10"]
[White "Vives Jaume, O."]
[Black "Jareño Badenas, A."]
[Result "0-1"]
[WhiteElo "2196"]
[BlackElo "2196"]
[PlyCount "108"]
[EventDate "2015.??.??"]
[EventType "team"]

1. d4 Nf6 2. c4 e6 3. Nc3 c5 4. d5 exd5 5. cxd5 d6 6. e4 g6 7. Bd3 Bg7 8. h3
O-O 9. Nf3 b5 10. Nxb5 Re8 11. O-O Nxe4 12. Re1 a6 13. Na3 Nf6 14. Rxe8+ Nxe8
15. Bg5 Qc7 16. Nc4 Nd7 17. Qa4 Bb7 18. Re1 Bxd5 19. Re7 Bc6 20. Qa5 Qxa5 21.
Nxa5 Bxf3 22. Rxd7 Bd5 23. Bc4 Be6 24. Bxe6 fxe6 25. Nb7 Bxb2 26. Be7 c4 27.
Nxd6 Nxd6 28. Rxd6 Rc8 29. Rxa6 c3 30. Bf6 Ba1 31. Rxe6 c2 32. Bg5 c1=Q+ 33.
Bxc1 Rxc1+ 34. Kh2 Rc2 35. a4 Rxf2 36. a5 Ra2 37. a6 Kf7 38. Rc6 Be5+ 39. Kg1
Bg3 40. Kf1 Rf2+ 41. Kg1 Re2 42. Rc1 Ra2 43. Kf1 Rxa6 44. Rd1 Ra2 45. Rd7+ Kg8
46. Rd3 Be5 47. Rd8+ Kg7 48. Rd7+ Kh6 49. Rd5 Bc7 50. Kg1 Bg3 51. Kf1 Rf2+ 52.
Kg1 Re2 53. Rd1 Re1+ 54. Rxe1 Bxe1 0-1

[Event "Lliga Catalana DH"]
[Site "?"]
[Date "2015.02.07"]
[Round "3.1"]
[White "Cruz Sanchez, J."]
[Black "Gonzalez Rodriguez, JA."]
[Result "1-0"]
[WhiteElo "2501"]
[BlackElo "2466"]
[PlyCount "49"]
[EventDate "2015.??.??"]
[EventType "team"]

1. c4 c5 2. Nf3 Nc6 3. Nc3 g6 4. a3 Bg7 5. Rb1 b6 6. b4 Bxc3 7. dxc3 d6 8. Rb2
Kf8 9. h4 h5 10. e4 Bg4 11. Be2 Rc8 12. Ng5 Bxe2 13. Qxe2 Qd7 14. b5 Na5 15. f3
f6 16. Nh3 e5 17. Rd2 Qe6 18. O-O Ne7 19. f4 Kg7 20. Rd3 Qxc4 21. Qf3 Qe6 22.
fxe5 dxe5 23. Ng5 fxg5 24. Rd6 Qc4 25. Qf6+ 1-0

[Event "Lliga Catalana DH"]
[Site "?"]
[Date "2015.02.07"]
[Round "3.2"]
[White "Lillo Castany, V."]
[Black "Cruz Estrada, F."]
[Result "1/2-1/2"]
[WhiteElo "2376"]
[BlackElo "2462"]
[PlyCount "124"]
[EventDate "2015.??.??"]
[EventType "team"]

1. e4 c5 2. Nf3 e6 3. d4 cxd4 4. Nxd4 a6 5. Nc3 Qc7 6. g3 Nf6 7. Bg2 Bb4 8. Bd2
Nc6 9. Nb3 Be7 10. O-O h5 11. Bg5 Ne5 12. Nd2 Ng6 13. Nf3 d6 14. a4 Bd7 15. Re1
O-O 16. a5 b5 17. axb6 Qxb6 18. Qd2 Bc6 19. Nd4 Bb7 20. Nb3 Rab8 21. Na5 Ba8
22. Be3 Qc7 23. Nb3 Bb7 24. Na5 Ba8 25. Nb3 Ne5 26. Rxa6 Nc4 27. Qc1 Ng4 28.
Bd4 e5 29. Ba7 Rbc8 30. f3 Bb7 31. Ra1 Nf6 32. Bf2 Bd8 33. Bh3 Rb8 34. Rd1 Qc6
35. Nd2 Nb6 36. Nf1 d5 37. exd5 Nbxd5 38. Nxd5 Nxd5 39. Bg2 Bb6 40. Qd2 Nf6 41.
Ne3 Qe6 42. Qd6 Bxe3 43. Bxe3 Qf5 44. Qd3 e4 45. fxe4 Bxe4 46. Bxe4 Nxe4 47.
Ra4 Rfe8 48. Rf1 Qe6 49. Bd4 Rb7 50. Re1 Rbe7 51. Ra7 Rxa7 52. Bxa7 h4 53. Bf2
Qf5 54. Qe2 Re6 55. g4 Qf6 56. Rd1 Qxb2 57. Rd8+ Kh7 58. Qf3 Qc1+ 59. Kg2 Qxc2
60. Qf5+ Rg6 61. Qh5+ Rh6 62. Qf5+ Rg6 1/2-1/2

[Event "Lliga Catalana DH"]
[Site "?"]
[Date "2015.02.07"]
[Round "3.3"]
[White "Rivero Ojeda, C."]
[Black "Cuadras Avellana, J."]
[Result "1-0"]
[WhiteElo "2346"]
[BlackElo "2357"]
[PlyCount "85"]
[EventDate "2015.??.??"]
[EventType "team"]

1. e4 c5 2. c3 e6 3. d4 d5 4. e5 Nc6 5. Be3 Qb6 6. Qd2 cxd4 7. cxd4 Nge7 8. Nf3
Nf5 9. Nc3 Bd7 10. Bd3 Nxe3 11. fxe3 Rc8 12. Ng5 h6 13. Nh3 f6 14. exf6 gxf6
15. O-O f5 16. Qe2 Kd8 17. Nf4 Bd6 18. Kh1 Ne7 19. Rac1 Bxf4 20. Rxf4 Rc7 21.
g4 Kc8 22. gxf5 exf5 23. Rg1 Kb8 24. Rf2 Qf6 25. Qf3 a6 26. Ne2 Rhc8 27. Rfg2
Be6 28. Ng3 Rc1 29. Qf4+ Ka7 30. Nh5 Qf8 31. Qe5 R8c6 32. Nf4 Bd7 33. b4 R6c3
34. Qd6 Bb5 35. Bxb5 axb5 36. Nxd5 Qe8 37. Nxe7 Rxg1+ 38. Rxg1 Rxe3 39. Qc5+ b6
40. Qc7+ Ka6 41. Rg6 Qa8+ 42. Rc6 Qb7 43. Nc8 1-0

[Event "Lliga Catalana DH"]
[Site "?"]
[Date "2015.02.07"]
[Round "3.4"]
[White "Vives Esmerat, J."]
[Black "Gonzalez Garcia, M."]
[Result "0-1"]
[WhiteElo "2370"]
[BlackElo "2331"]
[PlyCount "84"]
[EventDate "2015.??.??"]
[EventType "team"]

1. e4 c5 2. b3 b6 3. Bc4 e6 4. Qe2 Bb7 5. Bb2 a6 6. a4 Nf6 7. e5 Nd5 8. Qg4 h5
9. Qg3 Ne7 10. Bd3 Nbc6 11. Be4 g6 12. Na3 Bg7 13. Nc4 Nc8 14. Ne2 b5 15. axb5
axb5 16. Rxa8 Bxa8 17. Ne3 N8e7 18. O-O O-O 19. Bd3 Qb8 20. f4 Nb4 21. Nc3 Nxd3
22. cxd3 Nf5 23. Nxf5 exf5 24. Qe3 Rc8 25. d4 Qb7 26. Rf2 b4 27. Na4 cxd4 28.
Qxd4 Rc2 29. Nc5 Qc6 30. Nd3 Qe4 31. Qxd7 Bd5 32. e6 Rxb2 33. exf7+ Bxf7 34.
Nxb2 Bxb2 35. d3 Qe1+ 36. Rf1 Qe3+ 37. Kh1 Bd4 38. Qb5 h4 39. h3 Bxb3 40. Qb8+
Kh7 41. Qb7+ Kh6 42. Rb1 Bc2 0-1

[Event "Lliga Catalana DH"]
[Site "?"]
[Date "2015.02.07"]
[Round "3.6"]
[White "Pinsach Gelabert, A."]
[Black "Gallart Zafra, J."]
[Result "1/2-1/2"]
[WhiteElo "2314"]
[BlackElo "2299"]
[PlyCount "68"]
[EventDate "2015.??.??"]
[EventType "team"]

1. e4 c5 2. Nf3 d6 3. d4 cxd4 4. Nxd4 Nf6 5. Nc3 a6 6. Be3 e5 7. Nb3 Be7 8. Be2
O-O 9. a4 Be6 10. a5 Nbd7 11. O-O Rc8 12. f3 Qc7 13. Qd2 Rfd8 14. Rfc1 Qc6 15.
Bf1 d5 16. exd5 Nxd5 17. Nxd5 Bxd5 18. Qf2 Nf6 19. Nd2 Be6 20. Bd3 Nd5 21. Be4
f5 22. Bxd5 Qxd5 23. c4 Qd6 24. Rc2 Qb4 25. b3 Rd3 26. Bb6 Rcd8 27. Ra4 Rxd2
28. Rxb4 Rd1+ 29. Qf1 Bxb4 30. Bxd8 Bc5+ 31. Rf2 Bxf2+ 32. Kxf2 Rxf1+ 33. Kxf1
Kf7 34. Ke2 Bd7 1/2-1/2

[Event "Lliga Catalana DH"]
[Site "?"]
[Date "2015.02.07"]
[Round "3.7"]
[White "Prat Llables, J."]
[Black "Rocabert Andreu, G."]
[Result "1/2-1/2"]
[WhiteElo "2294"]
[BlackElo "2297"]
[PlyCount "79"]
[EventDate "2015.??.??"]
[EventType "team"]

1. e4 Nf6 2. e5 Nd5 3. d4 d6 4. c4 Nb6 5. exd6 cxd6 6. Nc3 g6 7. Be3 Bg7 8. Rc1
O-O 9. b3 f5 10. d5 f4 11. Bd4 e5 12. dxe6 Bxe6 13. Nf3 Nc6 14. Bxg7 Kxg7 15.
Be2 Qe7 16. O-O Rad8 17. Nd4 Nxd4 18. Qxd4+ Qf6 19. Qxf6+ Kxf6 20. Bf3 d5 21.
cxd5 Nxd5 22. Ne4+ Kg7 23. Nc5 Bc8 24. Rfd1 Nb4 25. Nxb7 Bxb7 26. Rc7+ Kh6 27.
Rxb7 Rxd1+ 28. Bxd1 Nxa2 29. Rxa7 Rd8 30. Bf3 Rd2 31. Kf1 Nc1 32. b4 Rb2 33.
Ra1 Nd3 34. Be2 Nxb4 35. Rd1 Na2 36. Bd3 Nc3 37. Rc1 Nd5 38. Be4 Nb4 39. Rb1
Rxb1+ 40. Bxb1 1/2-1/2

[Event "Lliga Catalana DH"]
[Site "?"]
[Date "2015.02.07"]
[Round "3.8"]
[White "Pijuan Herranz, M."]
[Black "Clopes Llahi, J."]
[Result "0-1"]
[WhiteElo "2302"]
[BlackElo "2253"]
[PlyCount "60"]
[EventDate "2015.??.??"]
[EventType "team"]

1. d4 Nf6 2. Nf3 e6 3. g3 c5 4. c4 cxd4 5. Nxd4 Nc6 6. Bg2 Bc5 7. Nb3 Be7 8.
Nc3 O-O 9. O-O d6 10. Bf4 a6 11. Rc1 e5 12. Bg5 Be6 13. Bxf6 Bxf6 14. Nd5 Bg5
15. f4 exf4 16. gxf4 Bh4 17. Rc3 Re8 18. Rd3 Bf5 19. Rd2 Re6 20. Kh1 Rc8 21.
Nc3 Rh6 22. Rf3 Qe7 23. Nd5 Qe8 24. Re3 Qf8 25. Rc3 Qe8 26. c5 Be4 27. Re3 f5
28. Bxe4 fxe4 29. Nc3 Bf2 30. Rxe4 Qh5 0-1

[Event "Lliga Catalana DH"]
[Site "?"]
[Date "2015.02.07"]
[Round "3.9"]
[White "Marques Taltavull, A."]
[Black "Serra Pages, J."]
[Result "0-1"]
[WhiteElo "2233"]
[BlackElo "2291"]
[PlyCount "54"]
[EventDate "2015.??.??"]
[EventType "team"]

1. c4 Nf6 2. Nf3 g6 3. b4 Bg7 4. Bb2 O-O 5. g3 b6 6. Bg2 Bb7 7. O-O d5 8. Qc2
a5 9. b5 c5 10. e3 Nbd7 11. Na3 e6 12. Rfd1 Rc8 13. Rac1 Qe7 14. d4 cxd4 15.
exd4 Bh6 16. Nd2 Ne4 17. f4 f5 18. Bxe4 fxe4 19. Qb3 g5 20. fxg5 Qxg5 21. Rc2
e3 22. c5 exd2 23. c6 Qg4 24. Rc3 Qxd4+ 25. Kg2 Rf2+ 26. Kh3 Qe5 27. Qa4 d4 0-1

[Event "Lliga Catalana DH"]
[Site "?"]
[Date "2015.02.07"]
[Round "3.10"]
[White "Colls Gelaberto, E."]
[Black "Bielecki, P."]
[Result "1-0"]
[WhiteElo "2238"]
[BlackElo "2129"]
[PlyCount "75"]
[EventDate "2015.??.??"]
[EventType "team"]

1. Nf3 Nf6 2. c4 g6 3. Nc3 Bg7 4. e4 d6 5. d4 O-O 6. h3 e5 7. dxe5 dxe5 8. Qxd8
Rxd8 9. Bg5 Re8 10. Nd5 Nxd5 11. cxd5 f6 12. Be3 Bf8 13. Rc1 c6 14. Bc4 Kg7 15.
Nd2 Bd7 16. O-O g5 17. Rfd1 c5 18. Be2 b6 19. Nf1 Bd6 20. Ng3 Rd8 21. Bg4 Bxg4
22. hxg4 Na6 23. f3 Nc7 24. b4 Nb5 25. bxc5 bxc5 26. Nf5+ Kg8 27. Bxc5 Rd7 28.
a4 Bxc5+ 29. Rxc5 Nd6 30. Rdc1 Nxf5 31. gxf5 Rad8 32. a5 Kf7 33. Rc7 Ke7 34.
Kf2 h5 35. R1c6 Kf7 36. a6 Ke7 37. Re6+ Kf7 38. Rcc6 1-0

[Event "Lliga Catalana DH"]
[Site "?"]
[Date "2015.02.07"]
[Round "3.1"]
[White "Rakhmanov, A."]
[Black "Movsziszian, K."]
[Result "1-0"]
[WhiteElo "2598"]
[BlackElo "2513"]
[PlyCount "117"]
[EventDate "2015.??.??"]
[EventType "team"]

1. c4 d6 2. Nc3 g6 3. g3 Bg7 4. Bg2 e5 5. d3 Nc6 6. e3 Be6 7. Nge2 Qd7 8. h3
Nge7 9. Nd5 O-O 10. Bd2 Rab8 11. Bc3 b5 12. b3 Nc8 13. Qd2 Nd8 14. e4 c6 15.
Ne3 Ne7 16. d4 b4 17. Bb2 f5 18. dxe5 dxe5 19. Qxd7 Bxd7 20. Rd1 Rb7 21. exf5
gxf5 22. f4 e4 23. Bxg7 Kxg7 24. g4 Ne6 25. O-O Nc5 26. Ng3 a5 27. Rd6 Be6 28.
gxf5 Bxf5 29. Nexf5+ Nxf5 30. Nh5+ Kh8 31. Rxc6 Nd3 32. Bxe4 Ng7 33. Rf6 Rg8
34. Nxg7 Rbxg7+ 35. Kh2 Nc5 36. Bd5 Re8 37. Re1 Rge7 38. Rxe7 Rxe7 39. Rc6 Nd3
40. f5 Nf4 41. f6 Re8 42. Kg3 Nxd5 43. cxd5 Kg8 44. Kf4 Kf7 45. Ra6 Re2 46.
Rxa5 Kxf6 47. Ra6+ Kf7 48. Kf5 Rf2+ 49. Ke5 Re2+ 50. Kd6 h5 51. Ra4 Kf6 52.
Rxb4 Rxa2 53. Ra4 Rb2 54. Rb4 h4 55. Rxh4 Rxb3 56. Kc7 Rc3+ 57. Kd7 Ra3 58. d6
Kf7 59. Rh8 1-0

[Event "Lliga Catalana DH"]
[Site "?"]
[Date "2015.02.07"]
[Round "3.2"]
[White "Gonzalez Perez, A."]
[Black "Narciso Dublan, M."]
[Result "0-1"]
[WhiteElo "2527"]
[BlackElo "2570"]
[PlyCount "49"]
[EventDate "2015.??.??"]
[EventType "team"]

1. e4 e5 2. Nf3 Nc6 3. Bb5 a6 4. Ba4 b5 5. Bb3 Na5 6. O-O d6 7. d4 f6 8. Bd5 c6
9. Bxg8 Rxg8 10. Nh4 Qc7 11. a4 b4 12. Nf5 Be6 13. f4 O-O-O 14. Nd2 g6 15. Ng3
exd4 16. Nf3 c5 17. c3 dxc3 18. bxc3 b3 19. Be3 Bh6 20. Nd2 c4 21. Qe2 Rde8 22.
Qf2 Kb7 23. Nf3 f5 24. Nd4 Bg7 25. Rfe1 0-1

[Event "Lliga Catalana DH"]
[Site "?"]
[Date "2015.02.07"]
[Round "3.3"]
[White "Gual Pascual, A."]
[Black "Akbarinia, SA."]
[Result "0-1"]
[WhiteElo "2511"]
[BlackElo "2366"]
[PlyCount "56"]
[EventDate "2015.??.??"]
[EventType "team"]

1. c4 e6 2. g3 d5 3. Nf3 Nd7 4. Bg2 c6 5. O-O dxc4 6. Na3 Bxa3 7. bxa3 Nb6 8.
Bb2 f6 9. a4 Ne7 10. a5 Nbd5 11. e4 Nc7 12. d4 cxd3 13. Qb3 e5 14. Ba3 Rb8 15.
Rfd1 Be6 16. Qb4 Na6 17. Qc3 O-O 18. Rxd3 Qe8 19. Bf1 Qf7 20. Rad1 Rfe8 21. Rd6
Nc7 22. Qb4 Ng6 23. a6 Nxa6 24. Qa5 Nf8 25. Nh4 Bc4 26. Bh3 b6 27. Qd2 c5 28.
Nf5 Nc7 0-1